Concepts in plants nematodes (Record no. 21576)

MARC details
000 -LEADER
fixed length control field 00451nam a22001697a 4500
003 - CONTROL NUMBER IDENTIFIER
control field OSt
005 - DATE AND TIME OF LATEST TRANSACTION
control field 20211206164505.0
008 - FIXED-LENGTH DATA ELEMENTS--GENERAL INFORMATION
fixed length control field 211206b |||||||| |||| 00| 0 eng d
020 ## - INTERNATIONAL STANDARD BOOK NUMBER
International Standard Book Number 978-93-5084-225-6
040 ## - CATALOGING SOURCE
Transcribing agency Hawassa University
050 ## - LIBRARY OF CONGRESS CALL NUMBER
Classification number 581.23/SHA
Item number 4
082 ## - DEWEY DECIMAL CLASSIFICATION NUMBER
Edition number 1
Classification number 581.23/SHA
Item number 4
100 ## - MAIN ENTRY--PERSONAL NAME
Personal name Sharma Reena Dr.
9 (RLIN) 21907
245 ## - TITLE STATEMENT
Title Concepts in plants nematodes
260 ## - PUBLICATION, DISTRIBUTION, ETC.
Place of publication, distribution, etc. New Delhi
Name of publisher, distributor, etc. Centrum Press
Date of publication, distribution, etc. 2013
942 ## - ADDED ENTRY ELEMENTS (KOHA)
Source of classification or shelving scheme Dewey Decimal Classification
Koha item type Books like text book referance book
Suppress in OPAC No
Holdings
Withdrawn status Lost status Source of classification or shelving scheme Damaged status Not for loan Home library Current library Date acquired Total Checkouts Full call number Barcode Date last seen Copy number Price effective from Koha item type
    Dewey Decimal Classification     College of Agriculture Library College of Agriculture Library 12/06/2021   581.23/SHA ALIB0013463 12/06/2021 1 12/06/2021 Books like text book referance book
    Dewey Decimal Classification     College of Agriculture Library College of Agriculture Library 12/06/2021   581.23/SHA ALIB0013464 12/06/2021 2 12/06/2021 Books like text book referance book
    Dewey Decimal Classification     College of Agriculture Library College of Agriculture Library 12/06/2021   581.23/SHA ALIB0013465 12/06/2021 3 12/06/2021 Books like text book referance book
    Dewey Decimal Classification     College of Agriculture Library College of Agriculture Library 12/06/2021   581.23/SHA ALIB0013466 12/06/2021 4 12/06/2021 Books like text book referance book